000 00676nam a2200205Ii 4500
003 JO-AjNU
008 230605s9999||||xx |||||||||||||| ||und||
017 _a1992/7632
040 _aJO-AjNU
_bara
_erda
_cJO-AjNU
041 _aara
050 1 4 _aPJ6126.M33 1992
100 3 _aمحمود، مهدي السيد,
_eauthor
_938365
245 0 0 _aكيف تتعلم الخط الديواني
264 3 1 _aالقاهرة: مكتبة ابن سينا، 1992
300 _a47ص
336 _atext
_btxt
_2rdacontent
337 _aunmediated
_bn
_2rdamedia
338 _avolume
_bnc
_2rdacarrier
650 4 _aاللغة العربية - الخط الديواني - تعليم
_938366
999 _aA16113
_c19681
_d19681